| 000 | 00559nam a2200157 4500 | ||
|---|---|---|---|
| 001 | 1573 | ||
| 005 | 20181127163530.0 | ||
| 090 | 0 | 0 | _a158.1 S1875p 2000 |
| 100 | 0 | 0 | _aSamaraweera, Shera. |
| 245 | 0 | 0 |
_aPrimary prevention: Making it work: _bPhilosophies, strategies and methods to promote emotional health / _cShera Samaraweera, Irving Hurwitz; edited by Eleanor M. Hackett. _h |
| 250 | 0 | 0 | _a |
| 260 | 0 | 0 |
_aChestnut Hill, MA : _bLife Studies Foundation, Inc., _c2000. |
| 300 | 0 | 0 | _axvi, 248 p. : ill. |
| 650 | 0 | 0 |
_aMental health. _x |
| 650 | 0 | 0 |
_aStress management. _x |
| 999 |
_c1172 _d1172 |
||